RIGHT FIT WRONG SHOE (Record no. 17168)

MARC details
000 -LEADER
fixed length control field 00306nam a2200133Ia 4500
008 - FIXED-LENGTH DATA ELEMENTS--GENERAL INFORMATION
fixed length control field 240624s9999 xx 000 0 und d
041 ## - LANGUAGE CODE
Language code of text/sound track or separate title eng
082 ## - DEWEY DECIMAL CLASSIFICATION NUMBER
Classification number 823 DIX
100 ## - MAIN ENTRY--PERSONAL NAME
Personal name DIXIT VARSHA
245 ## - TITLE STATEMENT
Title RIGHT FIT WRONG SHOE
260 ## - PUBLICATION, DISTRIBUTION, ETC.
Date of publication, distribution, etc. 2009
Place of publication, distribution, etc. New Delhi
Name of publisher, distributor, etc. Rupa & Co.
300 ## - PHYSICAL DESCRIPTION
Extent 248 : p.
365 ## - TRADE PRICE
Currency code RS
Holdings
Withdrawn status Lost status Damaged status Not for loan Home library Current library Shelving location Date acquired Source of acquisition Cost, normal purchase price Total Checkouts Full call number Barcode Date last seen Date last checked out Copy number Price effective from Koha item type
        IMTN IMTN Rack 40-A 06/07/2011 FK 90.00 4 823 DIX 17168 07/20/2025 07/04/2025 1 06/24/2024 Books
Designed & Maintained by: LRC IMT Nagpur Contact: lrc@imtnag.ac.in© 2024. All Rights Reserved.